[Event "Juniorklub 2017"]
[Site "?"]
[Date "2017.11.17"]
[Round "2.9"]
[White "Janik, Miroslav"]
[Black "Majirska, Karin"]
[Result "1-0"]
[BlackElo "1588"]
[WhiteElo "1968"]
[LiveChessVersion "1.4.8"]

1. e4 {[%clk 0:59:45]} c5 {[%clk 1:00:11]} 2. Nf3 {[%clk 1:00:04]} Nc6
{[%clk 1:00:35]} 3. d4 {[%clk 1:00:21]} cxd4 {[%clk 1:00:58]} 4. Nxd4
{[%clk 1:00:45]} g6 {[%clk 1:00:58]} 5. c4 {[%clk 1:00:45]} Bg7 {[%clk 1:01:06]}
6. Be3 {[%clk 1:01:05]} d6 {[%clk 0:59:37]} 7. Nc3 {[%clk 1:01:05]} Nf6
{[%clk 0:58:30]} 8. f3 {[%clk 1:00:23]} O-O {[%clk 0:56:17]} 9. Be2
{[%clk 1:00:34]} Bd7 {[%clk 0:52:34]} 10. Nb3 {[%clk 1:00:36]} Rc8
{[%clk 0:44:47]} 11. O-O {[%clk 0:51:17]} a6 {[%clk 0:40:05]} 12. Qd2
{[%clk 0:50:45]} Qc7 {[%clk 0:36:34]} 13. Rac1 {[%clk 0:50:38]} Ne5
{[%clk 0:32:33]} 14. Nd5 {[%clk 0:49:41]} Nxd5 {[%clk 0:28:50]} 15. cxd5
{[%clk 0:41:05]} Qd8 {[%clk 0:27:56]} 16. h3 {[%clk 0:39:52]} f5 {[%clk 0:22:03]}
17. Bd4 {[%clk 0:37:30]} e6 {[%clk 0:10:58]} 18. f4 {[%clk 0:35:50]} Nf7
{[%clk 0:10:45]} 19. Bxg7 {[%clk 0:35:49]} Kxg7 {[%clk 0:11:05]} 20. Rxc8
{[%clk 0:35:30]} Bxc8 {[%clk 0:10:14]} 21. dxe6 {[%clk 0:35:00]} Bxe6
{[%clk 0:10:11]} 22. Nd4 {[%clk 0:34:02]} Qb6 {[%clk 0:04:27]} 23. Kh1
{[%clk 0:33:55]} Nd8 {[%clk 0:03:27]} 24. exf5 {[%clk 0:32:25]} Bxf5
{[%clk 0:03:24]} 25. Nxf5+ {[%clk 0:32:42]} Rxf5 {[%clk 0:03:21]} 26. Bg4
{[%clk 0:32:40]} Ra5 {[%clk 0:02:19]} 27. Qc3+ {[%clk 0:32:26]} Kg8
{[%clk 0:01:32]} 28. Re1 {[%clk 0:32:26]} Rc5 {[%clk 0:00:39]} 29. Qf6
{[%clk 0:30:49]} 1-0

[Event "Juniorklub 2017"]
[Site "?"]
[Date "2017.11.17"]
[Round "2.10"]
[White "Remen, Igor"]
[Black "Nosak, Alexander"]
[Result "1/2-1/2"]
[BlackElo "1556"]
[WhiteElo "1763"]
[LiveChessVersion "1.4.8"]

1. d4 {[%clk 1:00:59]} Nf6 {[%clk 1:00:53]} 2. Nf3 {[%clk 1:01:14]} e6
{[%clk 1:01:06]} 3. c4 {[%clk 1:01:37]} d5 {[%clk 1:01:06]} 4. Nc3
{[%clk 1:01:55]} c5 {[%clk 1:00:53]} 5. e3 {[%clk 1:02:18]} Nc6 {[%clk 1:00:03]}
6. Bd3 {[%clk 1:02:33]} dxc4 {[%clk 0:59:35]} 7. Bxc4 {[%clk 1:02:58]} cxd4
{[%clk 0:59:21]} 8. Nxd4 {[%clk 1:03:03]} Nxd4 {[%clk 0:58:40]} 9. exd4
{[%clk 1:03:28]} Bb4 {[%clk 0:58:35]} 10. O-O {[%clk 1:03:40]} Bd6
{[%clk 0:58:01]} 11. Bg5 {[%clk 1:03:55]} Qc7 {[%clk 0:57:37]} 12. Bb5+
{[%clk 1:03:33]} Bd7 {[%clk 0:57:59]} 13. g3 {[%clk 1:03:50]} a6 {[%clk 0:57:46]}
14. Bd3 {[%clk 1:03:59]} h6 {[%clk 0:57:11]} 15. Be3 {[%clk 1:04:14]} Qc6
{[%clk 0:56:52]} 16. Rc1 {[%clk 1:04:25]} e5 {[%clk 0:54:40]} 17. Ne4
{[%clk 0:59:10]} Qd5 {[%clk 0:53:02]} 18. Nxd6+ {[%clk 0:57:11]} Qxd6
{[%clk 0:53:26]} 19. Re1 {[%clk 0:55:53]} e4 {[%clk 0:53:12]} 20. Bf1
{[%clk 0:50:53]} O-O {[%clk 0:52:12]} 21. Qd2 {[%clk 0:50:52]} Kh7
{[%clk 0:51:52]} 22. Bg2 {[%clk 0:50:59]} Bc6 {[%clk 0:51:37]} 23. Rc5
{[%clk 0:45:44]} Rfe8 {[%clk 0:50:35]} 24. Bh3 {[%clk 0:43:26]} Nd5
{[%clk 0:48:52]} 25. Bf5+ {[%clk 0:41:56]} g6 {[%clk 0:49:03]} 26. Bh3
{[%clk 0:42:13]} h5 {[%clk 0:49:16]} 27. Rf1 {[%clk 0:39:07]} Rad8
{[%clk 0:49:29]} 28. Bg2 {[%clk 0:38:59]} Nxe3 {[%clk 0:49:45]} 29. fxe3
{[%clk 0:39:18]} Qxc5 {[%clk 0:49:55]} 30. Rxf7+ {[%clk 0:39:35]} Kg8
{[%clk 0:49:58]} 31. Qf2 {[%clk 0:39:32]} Qd6 {[%clk 0:50:06]} 32. Rf6
{[%clk 0:39:38]} Qe7 {[%clk 0:49:56]} 33. Rxg6+ {[%clk 0:39:58]} Kh7
{[%clk 0:50:21]} 34. Rf6 {[%clk 0:39:41]} Bd7 {[%clk 0:49:58]} 35. Qf4
{[%clk 0:39:56]} Qg7 {[%clk 0:47:56]} 36. Rf7 Qxf7 {[%clk 0:44:59]} 37. Qxf7+
{[%clk 0:39:10]} Kh6 {[%clk 0:45:21]} 38. Qf6+ {[%clk 0:39:30]} Kh7 39. Bxe4+
Rxe4 40. Qxd8 Bf5 41. Qc7+ 1/2-1/2

[Event "Juniorklub 2017"]
[Site "?"]
[Date "2017.11.17"]
[Round "3.1"]
[White "Simo, Marian"]
[Black "Sevcikova, Lucia"]
[Result "0-1"]
[BlackElo "1748"]
[WhiteElo "1974"]
[LiveChessVersion "1.4.8"]

1. e4 {[%clk 1:00:58]} c6 {[%clk 1:00:51]} 2. d4 {[%clk 1:01:19]} d5
{[%clk 1:01:10]} 3. Nc3 {[%clk 1:01:46]} dxe4 {[%clk 1:01:35]} 4. Nxe4
{[%clk 1:02:12]} Bf5 {[%clk 1:01:58]} 5. Ng3 {[%clk 1:02:39]} Bg6
{[%clk 1:02:23]} 6. Nf3 {[%clk 1:02:38]} Nd7 {[%clk 1:02:47]} 7. Bc4
{[%clk 1:00:20]} e6 {[%clk 1:02:48]} 8. O-O {[%clk 0:59:57]} Bd6 {[%clk 1:02:52]}
9. Re1 {[%clk 0:59:42]} Ngf6 {[%clk 1:02:34]} 10. c3 {[%clk 0:58:24]} O-O
{[%clk 1:02:34]} 11. Bd3 {[%clk 0:54:37]} Bxd3 {[%clk 1:02:10]} 12. Qxd3
{[%clk 0:55:01]} Qc7 {[%clk 1:01:47]} 13. Ne4 {[%clk 0:55:01]} Nxe4
{[%clk 1:01:44]} 14. Qxe4 {[%clk 0:55:25]} Nf6 {[%clk 1:01:56]} 15. Qh4
{[%clk 0:55:43]} Nd5 {[%clk 0:56:11]} 16. Ng5 {[%clk 0:54:25]} h6
{[%clk 0:55:46]} 17. Ne4 {[%clk 0:54:37]} Bf4 {[%clk 0:55:13]} 18. c4
{[%clk 0:43:28]} Bxc1 {[%clk 0:54:27]} 19. Raxc1 {[%clk 0:43:32]} Nb4
{[%clk 0:52:40]} 20. Nf6+ {[%clk 0:28:57]} Kh8 {[%clk 0:48:38]} 21. Rc3
{[%clk 0:28:58]} Nxa2 {[%clk 0:46:25]} 22. Rf3 {[%clk 0:22:16]} Rfd8
{[%clk 0:40:58]} 23. Re5 {[%clk 0:21:44]} Qxe5 {[%clk 0:40:10]} 0-1

[Event "Juniorklub 2017"]
[Site "?"]
[Date "2017.11.17"]
[Round "3.2"]
[White "Kovarikova, Maria"]
[Black "Franko, Ondrej"]
[Result "1-0"]
[BlackElo "1809"]
[WhiteElo "1516"]
[LiveChessVersion "1.4.8"]

1. e4 {[%clk 1:00:58]} c6 {[%clk 1:00:51]} 2. d4 {[%clk 1:01:21]} d5
{[%clk 1:01:17]} 3. Nc3 {[%clk 1:01:45]} dxe4 {[%clk 1:01:44]} 4. Nxe4
{[%clk 1:02:06]} Bf5 {[%clk 1:02:11]} 5. Ng3 {[%clk 1:02:26]} Bg6
{[%clk 1:02:37]} 6. Bc4 {[%clk 1:02:32]} e6 {[%clk 1:02:58]} 7. N1e2
{[%clk 1:02:30]} Bd6 {[%clk 1:03:18]} 8. Nf4 {[%clk 1:01:58]} Qc7
{[%clk 1:03:37]} 9. Nfe2 {[%clk 0:55:45]} Nd7 {[%clk 1:01:50]} 10. Be3
{[%clk 0:54:27]} Ne7 {[%clk 1:01:55]} 11. c3 {[%clk 0:54:03]} Nf6
{[%clk 1:00:44]} 12. Qd2 {[%clk 0:52:22]} Nfd5 {[%clk 1:00:26]} 13. Bb3
{[%clk 0:49:59]} Nf5 {[%clk 0:58:33]} 14. Nxf5 {[%clk 0:49:39]} Bxf5
{[%clk 0:58:51]} 15. c4 {[%clk 0:48:16]} Bb4 {[%clk 0:51:50]} 16. Nc3
{[%clk 0:48:00]} Nxc3 {[%clk 0:50:52]} 17. bxc3 {[%clk 0:48:17]} Bd6
{[%clk 0:51:17]} 18. c5 {[%clk 0:47:16]} Be7 {[%clk 0:49:36]} 19. Bf4
{[%clk 0:46:43]} Qd7 {[%clk 0:50:00]} 20. O-O {[%clk 0:45:36]} O-O
{[%clk 0:50:10]} 21. Rfe1 {[%clk 0:44:11]} Bd8 {[%clk 0:50:11]} 22. Qe3
{[%clk 0:43:52]} Bc7 {[%clk 0:50:30]} 23. Bxc7 {[%clk 0:42:33]} Qxc7
{[%clk 0:50:56]} 24. c4 {[%clk 0:42:03]} Rad8 {[%clk 0:49:52]} 25. Rad1
{[%clk 0:41:41]} h6 {[%clk 0:46:28]} 26. d5 {[%clk 0:36:45]} cxd5
{[%clk 0:46:32]} 27. cxd5 {[%clk 0:36:12]} exd5 {[%clk 0:46:19]} 28. Bxd5
{[%clk 0:34:52]} Rd7 {[%clk 0:45:00]} 29. Qf3 {[%clk 0:31:05]} Bg6
{[%clk 0:43:57]} 30. Rc1 {[%clk 0:29:37]} Rfd8 {[%clk 0:43:33]} 31. Bxb7
{[%clk 0:29:12]} Rd3 {[%clk 0:42:14]} 32. Qc6 {[%clk 0:29:02]} Qxc6
{[%clk 0:42:24]} 33. Bxc6 {[%clk 0:29:27]} Ra3 {[%clk 0:38:36]} 34. Bb7
{[%clk 0:29:09]} Rd4 {[%clk 0:36:05]} 35. c6 {[%clk 0:28:56]} Be4
{[%clk 0:36:32]} 36. Ba8 {[%clk 0:27:25]} Bxc6 {[%clk 0:35:52]} 37. Bxc6
{[%clk 0:27:06]} Rxa2 {[%clk 0:36:17]} 38. Be4 {[%clk 0:27:24]} g6
{[%clk 0:35:19]} 39. Rcd1 {[%clk 0:26:09]} Rxd1 {[%clk 0:34:25]} 40. Rxd1
{[%clk 0:26:29]} a5 {[%clk 0:34:16]} 41. f3 {[%clk 0:26:05]} Ra4 {[%clk 0:32:22]}
42. Bd5 {[%clk 0:24:46]} Kg7 {[%clk 0:32:28]} 43. Rd2 {[%clk 0:24:23]} Rb4
{[%clk 0:32:27]} 44. Ba2 {[%clk 0:24:04]} Rb7 {[%clk 0:32:38]} 45. Rd5
{[%clk 0:24:10]} Ra7 {[%clk 0:32:58]} 46. Kf2 {[%clk 0:24:07]} h5
{[%clk 0:32:38]} 47. Ke3 {[%clk 0:24:19]} f6 {[%clk 0:32:41]} 48. Kd3
{[%clk 0:24:19]} g5 {[%clk 0:32:50]} 49. Kc3 {[%clk 0:23:53]} Ra6
{[%clk 0:31:23]} 50. Rd7+ {[%clk 0:24:02]} Kg6 {[%clk 0:30:37]} 51. Bb1+
{[%clk 0:23:40]} f5 {[%clk 0:29:58]} 52. g4 {[%clk 0:23:11]} hxg4
{[%clk 0:30:18]} 53. fxg4 {[%clk 0:23:31]} Rc6+ {[%clk 0:30:42]} 54. Kd2
{[%clk 0:23:08]} Rb6 {[%clk 0:29:28]} 55. gxf5+ {[%clk 0:21:34]} Kf6
{[%clk 0:29:32]} 56. Bc2 {[%clk 0:21:38]} Rb4 {[%clk 0:26:47]} 57. Ra7
{[%clk 0:20:20]} Rh4 {[%clk 0:27:10]} 58. Rxa5 {[%clk 0:19:11]} Rxh2+
{[%clk 0:27:35]} 59. Kc3 {[%clk 0:19:11]} Rh3+ {[%clk 0:26:54]} 60. Kd4
{[%clk 0:17:29]} g4 {[%clk 0:27:02]} 61. Ra6+ {[%clk 0:17:24]} Kf7
{[%clk 0:27:17]} 62. Be4 {[%clk 0:17:22]} Rh2 {[%clk 0:26:21]} 63. Bd5+
{[%clk 0:17:32]} Kf8 {[%clk 0:26:23]} 64. f6 {[%clk 0:17:32]} Rd2+
{[%clk 0:25:57]} 65. Kc5 {[%clk 0:16:36]} Rc2+ {[%clk 0:25:27]} 66. Bc4
{[%clk 0:16:12]} Rxc4+ {[%clk 0:24:42]} 67. Kxc4 {[%clk 0:16:30]} g3
{[%clk 0:25:04]} 68. Ra1 {[%clk 0:16:43]} Kf7 {[%clk 0:25:29]} 69. Rg1
{[%clk 0:17:06]} Kxf6 {[%clk 0:25:55]} 70. Rxg3 {[%clk 0:17:31]} Ke5
{[%clk 0:26:22]} 71. Rd3 {[%clk 0:17:52]} Ke4 {[%clk 0:26:46]} 72. Rd8
{[%clk 0:18:15]} Ke5 {[%clk 0:27:08]} 73. Rd1 {[%clk 0:18:35]} Ke6
{[%clk 0:27:21]} 74. Kc5 1-0

[Event "Juniorklub 2017"]
[Site "?"]
[Date "2017.11.17"]
[Round "3.3"]
[White "Sevcik, Lubomir"]
[Black "Turanec, Daniel"]
[Result "0-1"]
[BlackElo "1652"]
[WhiteElo "1716"]
[LiveChessVersion "1.4.8"]

1. d4 {[%clk 1:00:57]} Nf6 {[%clk 1:00:55]} 2. c4 {[%clk 1:01:13]} e6
{[%clk 1:01:17]} 3. Nc3 {[%clk 1:01:22]} c5 {[%clk 1:01:41]} 4. d5
{[%clk 0:59:56]} exd5 {[%clk 1:02:05]} 5. Nxd5 {[%clk 0:59:00]} Nxd5
{[%clk 1:02:04]} 6. Qxd5 {[%clk 0:56:17]} Nc6 {[%clk 1:01:58]} 7. e3
{[%clk 0:54:24]} d6 {[%clk 1:02:04]} 8. Bd2 {[%clk 0:53:57]} Be6 {[%clk 1:00:14]}
9. Qe4 {[%clk 0:53:44]} Be7 {[%clk 1:00:19]} 10. Nf3 {[%clk 0:52:28]} Bf6
{[%clk 0:59:59]} 11. Qc2 {[%clk 0:49:42]} b6 {[%clk 0:59:44]} 12. Bd3
{[%clk 0:49:47]} g6 {[%clk 1:00:04]} 13. h3 {[%clk 0:49:54]} d5 {[%clk 1:00:19]}
14. Rb1 {[%clk 0:46:08]} O-O {[%clk 0:57:24]} 15. b3 {[%clk 0:45:39]} Re8
{[%clk 0:57:46]} 16. O-O {[%clk 0:41:46]} Qd6 {[%clk 0:54:23]} 17. cxd5
{[%clk 0:40:52]} Bxd5 {[%clk 0:53:33]} 18. Be2 {[%clk 0:41:16]} Rad8
{[%clk 0:53:57]} 19. Rfd1 {[%clk 0:40:39]} Be4 {[%clk 0:54:16]} 20. Qc4
{[%clk 0:35:07]} Bxb1 {[%clk 0:53:21]} 21. Rxb1 {[%clk 0:35:31]} Ne5
{[%clk 0:53:42]} 22. Nxe5 {[%clk 0:33:29]} Qxe5 {[%clk 0:53:28]} 23. Be1
{[%clk 0:33:37]} Qf5 {[%clk 0:53:41]} 24. Qc1 {[%clk 0:33:24]} Rd6
{[%clk 0:53:32]} 25. b4 {[%clk 0:30:38]} Rc8 {[%clk 0:53:32]} 26. Ba6
{[%clk 0:30:09]} Rc7 {[%clk 0:51:52]} 27. Rb3 {[%clk 0:26:23]} Qd7
{[%clk 0:48:25]} 28. Kf1 {[%clk 0:25:04]} cxb4 {[%clk 0:48:30]} 29. Qb1
{[%clk 0:20:06]} Rd1 {[%clk 0:48:50]} 30. Qe4 {[%clk 0:20:15]} Rcc1
{[%clk 0:49:04]} 0-1

[Event "Juniorklub 2017"]
[Site "?"]
[Date "2017.11.17"]
[Round "3.4"]
[White "Murin, Pavol"]
[Black "Trangos, Miroslav"]
[Result "0-1"]
[BlackElo "2019"]
[WhiteElo "2045"]
[LiveChessVersion "1.4.8"]

1. d4 {[%clk 1:00:56]} e6 {[%clk 1:00:44]} 2. c4 {[%clk 1:01:14]} d5
{[%clk 1:01:13]} 3. Nf3 {[%clk 1:01:31]} Nf6 {[%clk 1:01:42]} 4. g3
{[%clk 1:01:46]} Be7 {[%clk 0:59:59]} 5. Bg2 {[%clk 1:02:09]} O-O
{[%clk 1:00:24]} 6. O-O {[%clk 1:02:31]} Re8 {[%clk 1:00:31]} 7. Nbd2
{[%clk 1:02:06]} Nbd7 {[%clk 1:00:50]} 8. b3 {[%clk 1:02:19]} c6 {[%clk 0:59:48]}
9. Bb2 {[%clk 1:02:29]} Nf8 {[%clk 0:53:22]} 10. Qc2 {[%clk 1:01:15]} Bd6
{[%clk 0:52:23]} 11. e4 {[%clk 0:59:41]} dxe4 {[%clk 0:52:09]} 12. Nxe4
{[%clk 1:00:04]} Nxe4 {[%clk 0:51:07]} 13. Qxe4 {[%clk 1:00:28]} Qc7
{[%clk 0:48:05]} 14. Rfd1 {[%clk 0:47:02]} Bd7 {[%clk 0:48:15]} 15. Qd3
{[%clk 0:41:22]} Rad8 {[%clk 0:47:51]} 16. Qc3 {[%clk 0:37:51]} f6
{[%clk 0:41:18]} 17. Rac1 {[%clk 0:35:30]} Ng6 {[%clk 0:36:28]} 18. b4
{[%clk 0:29:04]} Bf8 {[%clk 0:25:05]} 19. a3 {[%clk 0:26:01]} e5 {[%clk 0:22:47]}
20. dxe5 {[%clk 0:24:42]} Nxe5 {[%clk 0:22:15]} 21. Nxe5 {[%clk 0:23:40]} Rxe5
{[%clk 0:22:04]} 22. Qd3 {[%clk 0:23:08]} Ree8 {[%clk 0:22:02]} 23. Qf3
{[%clk 0:21:10]} Be6 {[%clk 0:21:34]} 24. Rxd8 Rxd8 {[%clk 0:20:14]} 25. Qe3
{[%clk 0:19:39]} Qf7 {[%clk 0:17:55]} 26. Qxa7 {[%clk 0:17:56]} Bxc4
{[%clk 0:17:42]} 27. Qe3 {[%clk 0:16:22]} Bd5 {[%clk 0:14:06]} 28. Rd1
{[%clk 0:13:28]} Rd7 {[%clk 0:10:07]} 29. Bh3 {[%clk 0:10:08]} Re7
{[%clk 0:09:53]} 30. Qd3 {[%clk 0:07:44]} Qg6 {[%clk 0:08:16]} 31. Bf5
{[%clk 0:06:51]} Qh5 {[%clk 0:07:43]} 32. Bd4 {[%clk 0:03:10]} g6
{[%clk 0:06:43]} 33. Bxf6 {[%clk 0:01:20]} Qxf5 {[%clk 0:06:40]} 34. Qxf5
{[%clk 0:01:25]} gxf5 {[%clk 0:07:09]} 35. Bxe7 {[%clk 0:01:49]} Bxe7
{[%clk 0:07:32]} 36. f4 {[%clk 0:01:52]} Kf7 {[%clk 0:07:50]} 37. Rd3
{[%clk 0:01:48]} Ke6 {[%clk 0:07:28]} 38. h3 {[%clk 0:01:54]} Be4
{[%clk 0:06:47]} 39. Rd2 {[%clk 0:01:25]} c5 {[%clk 0:06:57]} 40. b5
{[%clk 0:01:24]} c4 {[%clk 0:07:03]} 41. a4 {[%clk 0:01:23]} c3 {[%clk 0:07:30]}
42. Ra2 {[%clk 0:01:16]} c2 {[%clk 0:07:55]} 43. a5 {[%clk 0:01:30]} c1=Q+ 0-1

[Event "Juniorklub 2017"]
[Site "?"]
[Date "2017.11.17"]
[Round "3.5"]
[White "Majzlan, Blazej"]
[Black "Janik, Miroslav"]
[Result "0-1"]
[BlackElo "1968"]
[WhiteElo "1757"]
[LiveChessVersion "1.4.8"]

1. f4 {[%clk 1:00:56]} d5 {[%clk 1:00:23]} 2. Nf3 {[%clk 1:01:22]} Nf6
{[%clk 1:00:33]} 3. e3 {[%clk 1:01:47]} c5 {[%clk 1:00:06]} 4. Bb5+
{[%clk 1:02:08]} Nbd7 {[%clk 0:59:46]} 5. b3 {[%clk 1:01:22]} a6 {[%clk 0:59:59]}
6. Bxd7+ {[%clk 1:01:45]} Nxd7 {[%clk 1:00:20]} 7. Bb2 {[%clk 1:01:59]} f6
{[%clk 1:00:12]} 8. Nh4 {[%clk 0:57:12]} g6 {[%clk 0:58:43]} 9. Qg4
{[%clk 0:51:53]} Ne5 {[%clk 0:57:09]} 10. Qg3 {[%clk 0:52:22]} Nf7
{[%clk 0:56:30]} 11. d3 {[%clk 0:49:15]} e6 {[%clk 0:54:39]} 12. Nd2
{[%clk 0:47:22]} Bd7 {[%clk 0:54:26]} 13. O-O {[%clk 0:44:48]} Qe7
{[%clk 0:53:56]} 14. c4 {[%clk 0:42:31]} Nh6 {[%clk 0:51:21]} 15. e4
{[%clk 0:33:33]} d4 {[%clk 0:49:40]} 16. Nhf3 {[%clk 0:32:52]} Bg7
{[%clk 0:47:17]} 17. Ba3 {[%clk 0:31:53]} e5 {[%clk 0:44:34]} 18. fxe5
{[%clk 0:29:28]} fxe5 {[%clk 0:44:54]} 19. h3 {[%clk 0:29:11]} O-O
{[%clk 0:43:50]} 20. Rab1 {[%clk 0:24:27]} a5 {[%clk 0:43:36]} 21. Rf2
{[%clk 0:21:20]} Nf7 {[%clk 0:43:10]} 22. Nf1 {[%clk 0:17:52]} Bh6
{[%clk 0:42:33]} 23. Qh4 {[%clk 0:14:46]} Qd6 {[%clk 0:38:32]} 24. g4
{[%clk 0:11:06]} Bf4 {[%clk 0:37:39]} 25. Bc1 {[%clk 0:09:56]} g5
{[%clk 0:30:53]} 26. Nxg5 {[%clk 0:02:58]} Nxg5 {[%clk 0:30:47]} 27. Bxf4
{[%clk 0:03:13]} Nxh3+ {[%clk 0:30:48]} 28. Qxh3 {[%clk 0:03:06]} Rxf4
{[%clk 0:28:29]} 29. Rxf4 {[%clk 0:02:51]} exf4 {[%clk 0:28:48]} 30. Nh2
{[%clk 0:01:39]} Kh8 {[%clk 0:28:50]} 31. Qh5 {[%clk 0:00:36]} Rg8
{[%clk 0:26:40]} 32. Kf2 0-1

[Event "Juniorklub 2017"]
[Site "?"]
[Date "2017.11.17"]
[Round "3.6"]
[White "Baleja, Marian"]
[Black "Galbavy, Dusan"]
[Result "1-0"]
[BlackElo "1756"]
[WhiteElo "1929"]
[LiveChessVersion "1.4.8"]

1. e4 {[%clk 1:00:57]} e6 {[%clk 1:00:49]} 2. d4 {[%clk 1:01:06]} d5
{[%clk 1:01:14]} 3. Nc3 {[%clk 1:01:26]} Bb4 {[%clk 1:01:24]} 4. Nge2
{[%clk 1:00:43]} Ne7 {[%clk 0:59:41]} 5. a3 {[%clk 0:59:29]} Ba5 {[%clk 0:59:41]}
6. e5 {[%clk 0:56:55]} c5 {[%clk 0:58:55]} 7. dxc5 {[%clk 0:56:04]} Nbc6
{[%clk 0:58:44]} 8. b4 {[%clk 0:55:42]} Bc7 {[%clk 0:59:01]} 9. f4
{[%clk 0:55:27]} Nf5 {[%clk 0:58:32]} 10. g3 {[%clk 0:49:02]} a6 {[%clk 0:49:19]}
11. Bg2 {[%clk 0:44:59]} O-O {[%clk 0:48:09]} 12. O-O {[%clk 0:43:51]} f6
{[%clk 0:46:28]} 13. exf6 {[%clk 0:43:35]} Qxf6 {[%clk 0:45:24]} 14. Qd3
{[%clk 0:38:20]} Bd7 {[%clk 0:43:01]} 15. Be3 {[%clk 0:33:30]} Nxe3
{[%clk 0:35:23]} 16. Qxe3 {[%clk 0:33:58]} d4 {[%clk 0:33:31]} 17. Qd3
{[%clk 0:33:20]} dxc3 {[%clk 0:25:19]} 18. Qxd7 {[%clk 0:33:46]} Rf7
{[%clk 0:25:27]} 19. Qd3 {[%clk 0:33:50]} Rd8 {[%clk 0:23:32]} 20. Qxc3
{[%clk 0:33:55]} Qg6 {[%clk 0:22:47]} 21. Rad1 {[%clk 0:32:57]} Rfd7
{[%clk 0:22:30]} 22. Rxd7 Rxd7 {[%clk 0:22:58]} 23. Qe3 {[%clk 0:26:53]} h5
{[%clk 0:16:38]} 24. Be4 {[%clk 0:20:50]} Qh6 {[%clk 0:16:37]} 25. Qf3
{[%clk 0:19:05]} Rd2 {[%clk 0:10:21]} 26. Bd3 {[%clk 0:19:05]} h4
{[%clk 0:08:06]} 27. Kg2 {[%clk 0:17:50]} Nd4 {[%clk 0:07:18]} 28. Qe3
{[%clk 0:17:10]} hxg3 {[%clk 0:04:45]} 29. hxg3 {[%clk 0:16:42]} Rxe2+
{[%clk 0:03:16]} 30. Bxe2 {[%clk 0:16:56]} e5 {[%clk 0:03:13]} 31. Bc4+
{[%clk 0:17:00]} Kh8 {[%clk 0:03:18]} 32. Rh1 {[%clk 0:16:58]} Qxh1+
{[%clk 0:03:33]} 33. Kxh1 {[%clk 0:17:27]} Nf5 {[%clk 0:03:59]} 34. Qf3
{[%clk 0:17:25]} exf4 {[%clk 0:04:18]} 35. Qh5+ {[%clk 0:17:20]} Nh6
{[%clk 0:03:58]} 36. Qe8+ {[%clk 0:17:08]} 1-0

[Event "Juniorklub 2017"]
[Site "?"]
[Date "2017.11.17"]
[Round "3.7"]
[White "Nedoba, Milan"]
[Black "Sibrava, Patrik"]
[Result "1/2-1/2"]
[BlackElo "1823"]
[WhiteElo "1725"]
[LiveChessVersion "1.4.8"]

1. d4 {[%clk 1:00:57]} e6 {[%clk 1:00:30]} 2. e4 {[%clk 1:01:17]} d5
{[%clk 1:00:48]} 3. Nc3 {[%clk 1:01:40]} Nf6 {[%clk 1:01:07]} 4. e5
{[%clk 1:01:49]} Nfd7 {[%clk 1:01:29]} 5. f4 {[%clk 1:02:00]} c5 {[%clk 1:01:37]}
6. Nf3 {[%clk 1:01:32]} Nc6 {[%clk 1:01:51]} 7. Be3 {[%clk 1:00:48]} cxd4
{[%clk 1:01:40]} 8. Nxd4 {[%clk 1:01:07]} Nxd4 {[%clk 1:00:21]} 9. Bxd4
{[%clk 1:01:23]} Be7 {[%clk 0:58:31]} 10. Bd3 {[%clk 1:00:20]} Nc5
{[%clk 0:57:49]} 11. Be2 {[%clk 0:59:00]} O-O {[%clk 0:57:24]} 12. O-O
{[%clk 0:59:22]} Bd7 {[%clk 0:57:13]} 13. b4 {[%clk 0:56:34]} Na4
{[%clk 0:54:47]} 14. Nxa4 {[%clk 0:52:52]} Bxa4 {[%clk 0:55:07]} 15. a3
{[%clk 0:53:15]} Qc7 {[%clk 0:53:54]} 16. Bd3 {[%clk 0:53:21]} Rfc8
{[%clk 0:52:18]} 17. Rc1 {[%clk 0:49:44]} Qc6 {[%clk 0:45:25]} 18. Qe2
{[%clk 0:48:33]} a6 {[%clk 0:44:50]} 19. f5 {[%clk 0:46:56]} exf5
{[%clk 0:40:35]} 20. Rxf5 {[%clk 0:45:03]} Bb5 {[%clk 0:35:22]} 21. Bxb5
{[%clk 0:43:41]} axb5 {[%clk 0:31:34]} 22. Qf2 {[%clk 0:43:25]} Qe6
{[%clk 0:30:19]} 23. Rf3 {[%clk 0:41:11]} Ra6 {[%clk 0:28:57]} 24. Rf1
{[%clk 0:39:07]} Rf8 {[%clk 0:25:38]} 25. Qg3 {[%clk 0:32:11]} Qg6
{[%clk 0:21:52]} 26. Qf2 {[%clk 0:31:11]} Rc6 {[%clk 0:20:35]} 27. c3
{[%clk 0:27:16]} Ra6 {[%clk 0:19:13]} 28. Bc5 {[%clk 0:23:39]} Qe6
{[%clk 0:17:51]} 29. Bxe7 {[%clk 0:21:49]} Qxe7 {[%clk 0:18:15]} 30. Qd4
{[%clk 0:22:11]} Qd7 {[%clk 0:13:52]} 31. Rd3 {[%clk 0:20:41]} Rxa3
{[%clk 0:11:28]} 32. Qxd5 {[%clk 0:21:03]} Qxd5 {[%clk 0:11:16]} 33. Rxd5
{[%clk 0:21:27]} Rxc3 {[%clk 0:11:36]} 34. Rxb5 {[%clk 0:21:52]} Rc7
{[%clk 0:11:22]} 35. Rd1 {[%clk 0:21:46]} Re8 {[%clk 0:11:26]} 36. Rd6
{[%clk 0:20:49]} g6 {[%clk 0:11:23]} 37. Rdb6 {[%clk 0:21:11]} Rce7
{[%clk 0:09:01]} 38. Rxb7 {[%clk 0:20:26]} Rxe5 {[%clk 0:08:29]} 39. Rxe5
{[%clk 0:20:31]} Rxe5 {[%clk 0:08:53]} 40. Kf2 {[%clk 0:20:45]} Rf5+
{[%clk 0:08:47]} 41. Ke2 {[%clk 0:20:47]} h5 {[%clk 0:08:36]} 42. b5
{[%clk 0:21:13]} Kf8 {[%clk 0:07:35]} 43. b6 {[%clk 0:21:26]} Ke8
{[%clk 0:06:19]} 44. Rc7 {[%clk 0:20:41]} Kd8 {[%clk 0:06:32]} 45. Ke3
{[%clk 0:19:19]} Rb5 {[%clk 0:05:58]} 46. Rxf7 {[%clk 0:19:34]} Rxb6
{[%clk 0:06:21]} 47. Rg7 {[%clk 0:19:43]} Ke8 {[%clk 0:06:43]} 48. h3
{[%clk 0:18:43]} Kf8 {[%clk 0:07:06]} 49. Rc7 {[%clk 0:19:04]} Rf6
{[%clk 0:07:06]} 50. Ke2 {[%clk 0:18:45]} 1/2-1/2

[Event "Juniorklub 2017"]
[Site "?"]
[Date "2017.11.17"]
[Round "3.8"]
[White "Onderco, Peter"]
[Black "Vinarcik, Milan"]
[Result "1-0"]
[BlackElo "1667"]
[WhiteElo "1815"]
[LiveChessVersion "1.4.8"]

1. e4 {[%clk 1:00:57]} c5 {[%clk 1:00:51]} 2. b3 {[%clk 1:01:17]} Nc6
{[%clk 1:00:45]} 3. Bb2 {[%clk 1:01:29]} e5 {[%clk 1:00:30]} 4. f4
{[%clk 1:01:39]} exf4 {[%clk 1:00:19]} 5. Nf3 {[%clk 1:02:06]} d6
{[%clk 0:56:56]} 6. Bc4 {[%clk 1:01:11]} Bg4 {[%clk 0:56:45]} 7. O-O
{[%clk 0:59:05]} Bh5 {[%clk 0:53:54]} 8. Qe1 {[%clk 0:57:41]} Be7
{[%clk 0:50:57]} 9. Bxg7 {[%clk 0:58:04]} Bf6 {[%clk 0:50:36]} 10. Bxh8
{[%clk 0:58:05]} Bxh8 {[%clk 0:50:50]} 11. Nc3 {[%clk 0:58:15]} Bxf3
{[%clk 0:44:12]} 12. gxf3 {[%clk 0:47:49]} Qf6 {[%clk 0:40:09]} 13. Rc1
{[%clk 0:33:52]} O-O-O {[%clk 0:38:23]} 14. Nd5 {[%clk 0:33:32]} Qg5+
{[%clk 0:37:16]} 15. Kh1 {[%clk 0:33:14]} Nge7 {[%clk 0:33:54]} 16. Rg1
{[%clk 0:31:39]} Qh5 {[%clk 0:32:09]} 17. Nxe7+ {[%clk 0:29:41]} Nxe7
{[%clk 0:27:23]} 18. Rg4 {[%clk 0:29:12]} Be5 {[%clk 0:22:38]} 19. Qh4
{[%clk 0:29:22]} Qxh4 {[%clk 0:17:03]} 20. Rxh4 {[%clk 0:29:21]} d5
{[%clk 0:06:22]} 21. exd5 {[%clk 0:28:10]} Nxd5 {[%clk 0:06:32]} 22. Rxh7
{[%clk 0:26:02]} f6 {[%clk 0:06:44]} 23. Rg1 {[%clk 0:25:26]} Nc7
{[%clk 0:04:34]} 24. Rg8 {[%clk 0:24:35]} Rxg8 {[%clk 0:03:46]} 25. Bxg8 1-0